Top 10 países europeos por habilidad del inglés - Estadísticas

Estadísticas generales
  • Esta prueba ha sido intentada 9.032 veces
    4.268 desde el último reinicio
  • La puntuación promedio es 8 de 10
Estadísticas de respuestas
% País % Correcto
98 Reino Unido
98%
98 Irlanda
95%
89 Suecia
91%
90 Noruega
90%
75 Finlandia
87%
86 Dinamarca
82%
91 Países Bajos
82%
98 Islandia
79%
73 Austria
57%
89 Malta
45%
No se encontraron pruebas coincidentes
Distribución de puntuación
Porcentaje de gente con cada puntuación
Porcentaje por número respondido
Historial de tus puntuaciones
No has intentado esta prueba desde el último reinicio